[Event "BL 0304 (Women)"]
[Site "Germany"]
[Date "2004.04.17"]
[Round "10.4"]
[White "Jahn, Constanze"]
[Black "Shmirina, Evgenija"]
[Result "1/2-1/2"]
[WhiteElo "2218"]
[BlackElo "2164"]
[PlyCount "113"]
[EventDate "2003.11.29"]
[EventType "team-tourn"]
[EventRounds "11"]
[EventCountry "GER"]
[SourceTitle "EXT 2005"]
[Source "ChessBase"]
[SourceDate "2004.11.15"]
[SourceVersion "1"]
[SourceVersionDate "2004.11.15"]
[SourceQuality "1"]
[WhiteTeam "Halle (W)"]
[BlackTeam "Dresden SC (W)"]
[WhiteTeamCountry "GER"]
[BlackTeamCountry "GER"]

1. e4 e6 2. d4 d5 3. exd5 exd5 4. c4 c6 5. Nc3 Nf6 6. Bd3 Be7 7. Nge2 dxc4 8. Bxc4 Nbd7 9. 0-0 Nb6 10. Bb3 0-0 11. Re1 Bf5 12. Ng3 Bg6 13. f4 h6 14. f5 Bh7 15. Bf4 Nbd5 16. Be5 Kh8 17. Qf3 Qd7 18. Rad1 Rad8 19. Rf1 Bg8 20. Nxd5 cxd5 21. Bxf6 Bxf6 22. Nh5 Bg5 23. f6 g6 24. Nf4 Bxf6 25. Nxd5 Bg7 26. Nf6 Qc6 27. d5 Qb6+ 28. Qf2 Qxf2+ 29. Rxf2 Rd6 30. Ne4 Rdd8 31. d6 f5 32. Nc5 b6 33. Ne6 Bxe6 34. Bxe6 Be5 35. d7 Rf6 36. Bc4 Bd6 37. Re2 Rxd7 38. Re8+ Kg7 39. Kf1 Rc7 40. b3 Bxh2 41. Rdd8 g5 42. Rg8+ Kh7 43. g4 Rg7 44. Rh8+ Kg6 45. Bd3 Bf4 46. Bxf5+ Rxf5 47. gxf5+ Kxf5 48. Rxh6 Rc7 49. Re8 Kg4 50. Re2 Kf3 51. Rf2+ Kg3 52. Rg2+ Kf3 53. Rh3+ Ke4 54. Re2+ Kf5 55. Kg2 Kg4 56. Rh8 Rc6 57. Rh7 1/2-1/2